000
00275nam a2200121Ia 4500
008
190216s9999||||xx |||||||||||||| ||und||
100
_a
Olappamanna
245
0
_a
Nangemakutty
260
_b
University Of Calicut
_c
1996
300
_a
47p
650
_a
Kavithkal
942
_c
BK
999
_c
24260
_d
24260